| 000 | 00567nam a2200205 i 4500 | ||
|---|---|---|---|
| 001 | 93938 | ||
| 003 | ES-MaACL | ||
| 005 | 20250911062647.0 | ||
| 007 | t| | ||
| 008 | 050422s1958 sp ||||1| spa d | ||
| 100 | 1 |
_aLópez Pacheco, Jesús, _d1930-1997 _973855 |
|
| 245 | 1 | 0 |
_aCentral eléctrica / _cJesús López Pacheco. |
| 250 | _a[1ª ed.]. | ||
| 260 |
_aBarcelona : _bDestino, _c1958. |
||
| 300 |
_a324 p. ; _c19 cm. |
||
| 490 | 1 | _aAncora y delfín | |
| 830 | 0 | 0 |
_aÁncora y Delfín _9151298 |
| 852 |
_aES-MaACL _jC-14816 _bR.42465 |
||
| 999 |
_c93938 _d93938 |
||